000
00376nam a2200133Ia 4500
008
151001s9999||||xx |||||||||||||| ||und||
100
_a
श्रीराम पंचींद्रे
245
_a
भष्ट्रासुराच्या कथा
250
_a
1
260
_b
राजश्री
260
_c
2002
300
_a
174
365
_b
21
999
_c
980753
_d
980750